000 00752nam a2200241Ia 4500
003 OSt
005 20220923225029.0
006 a|||||r|||| 00| 0
007 ta
008 220922b |||||||| |||| 00| 0 hin d
024 _a255,400
037 _cTextual
040 _aARTS
_cARTS
_bhin
041 _2hin
_ahin
082 _aP15, 152K2(EPS)
100 _aनौतीयल, चक्रधर
245 0 _aअनुवाद चन्द्रिका
246 _aAnuvād chandrikā
260 _aदिल्ली
_b मोतीलाल बनारसीदास
_c1962
300 _a711पृ.
_ccm.
942 _hP15, 152K2(EPS)
_cTEXL
_2CC
999 _c375518
_d375518